2006 (Record no. 78087)

MARC details
000 -LEADER
fixed length control field 00548cab a2200181 4500
001 - CONTROL NUMBER
control field L135971
008 - FIXED-LENGTH DATA ELEMENTS--GENERAL INFORMATION
fixed length control field 061220n2006 000 0 eng u
035 ## - SYSTEM CONTROL NUMBER
System control number (Sirsi) u135971
041 0# - LANGUAGE CODE
Language code of text/sound track or separate title eng
245 oo - TITLE STATEMENT
Title 2006
Remainder of title a year in property
260 ## - PUBLICATION, DISTRIBUTION, ETC.
Date of publication, distribution, etc. 2006
490 #0 - SERIES STATEMENT
Series statement Property Week
Volume/sequential designation 15 January 6 2006, 73-91(10)
520 ## - SUMMARY, ETC.
Summary, etc. Discusses regional commercial property trends for 2006, and makes predictions for 2007.
590 ## - LOCAL NOTE (RLIN)
Local note KA
651 #4 - SUBJECT ADDED ENTRY--GEOGRAPHIC NAME
Geographic name United Kingdom
Chronological subdivision
690 ## - LOCAL SUBJECT ADDED ENTRY--TOPICAL TERM (OCLC, RLIN)
Topical term or geographic name as entry element PROPERTY-COMMERCIAL PROPERTY-COMMERCIAL PROPERTY MARKET
942 ## - ADDED ENTRY ELEMENTS (KOHA)
Suppress in OPAC 0
Holdings
Withdrawn status Lost status Source of classification or shelving scheme Damaged status Not for loan Home library Current library Shelving location Date acquired Total Checkouts Full call number Barcode Date last seen Copy number Price effective from Koha item type
    Dewey Decimal Classification     London London Journal article 20/12/2006   L135971 135971-1001 06/08/2019 1 06/08/2019 Journal article